LEADER 01247cam0-2200337---450- 001 990004324070403321 005 20141015100434.0 035 $a000432407 035 $aFED01000432407 035 $a(Aleph)000432407FED01 035 $a000432407 100 $a19990604d1981----km-y0itay50------ba 101 0 $afre 102 $aGR 105 $ay---b---001yy 200 1 $aInventaire des documents des archives de la Chambre de commerce de Marseille$eLemme Salonique (XVII-XVIII siècles)$fDémocratie Iliadou 210 $aThessaloniki$cInstitute for balkan studies$d1981 215 $aXIV, 220 p.$d24 cm 225 1 $aInstitute for Balkan studies$v160 610 0 $aChambre de commerce et d'industrie $aArchivi 610 0 $aTessalonica $aCommercio estero$aFrancia$aSec. 17-18.$aFonti$aCataloghi 610 0 $aFrancia$aCommercio estero$aTessalonica $aSec. 17.18.$aFonti$aCataloghi 676 $a382.0944 702 1$aIliadou,$bDémocratie 801 0$aIT$bUNINA$gRICA$2UNIMARC 901 $aBK 912 $a990004324070403321 952 $a382.094 ILI 1$bBibl. 54865$fFLFBC 959 $aFLFBC 996 $aInventaire des documents des archives de la Chambre de commerce de Marseille$9487370 997 $aUNINA LEADER 01154nam a2200277 i 4500 001 991002386209707536 008 021213s2013 it a b 001 0 ita d 035 $ab14165880-39ule_inst 040 $aBibl. Dip.le Aggr. Matematica e Fisica - Sez. Matematica$beng 084 $aAMS 37B05 084 $aAMS 47A16 084 $aAMS 47D06 100 1 $aMarzano, Alessandra$0472208 245 10$aCaos e operatori iperciclici. Tesi di laurea /$claureanda Alessandra Marzano ; relatrice Angela Albanese 260 $aLecce :$bUniversità del Salento. Facoltà di Scienze MM. FF. NN. Corso di Laurea Magistrale in Matematica,$ca.a. 2012-13 300 $a109 p. ;$c30 cm 650 0$aTopological dynamics 650 0$aCyclic vectors 650 0$aHypercyclic and chaotic operators 700 1 $aAlbanese, Angela Anna 907 $a.b14165880$b16-04-19$c02-12-13 912 $a991002386209707536 945 $aLE013 TES 2012/13 MAR1$g1$i2013000223001$lle013$og$pE15.00$q-$rn$so $t1$u0$v0$w0$x0$y.i15581858$z12-12-13 996 $aCaos e operatori iperciclici. Tesi di laurea$9260547 997 $aUNISALENTO 998 $ale013$b02-12-13$cm$da $e-$fita$git $h0$i0 LEADER 01314nam0 22002771i 450 001 UON00324114 005 20231205104152.894 010 $a978-84-8026-345-0 100 $a20090603d2007 |0itac50 ba 101 $aspa$aENG 102 $aES 105 $a|||| 1|||| 200 1 $aAndy Goldsworty$een las entrañas del árbol$e[exposition en] Palacio de Cristal, Parque del Retiro, Madrid 2 octubre 2007-21 enero 2008$f[coord. Rafael García Horrillo] 210 $a [Madrid]$cMuseo Nacional Centro de Arte Reina Sofía$d[c2007] 215 $a195 p.$cin gran parte ill$d24 cm. 316 $aDono Ministerio de Cultura de Madrid. Secretaría General Técnica$5IT-UONSI SPAM/211 620 $aES$dMadrid$3UONL000218 700 1$aGOLDSWORTHY$bAndy$3UONV184671$0699642 702 1$aGARCIA HORRILLO$bRafael$3UONV184669 712 $aMuseo Nacional Centro de Arte Reina Sofía$3UONV275313$4650 801 $aIT$bSOL$c20240220$gRICA 899 $aSIBA - SISTEMA BIBLIOTECARIO DI ATENEO$2UONSI 912 $aUON00324114 950 $aSIBA - SISTEMA BIBLIOTECARIO DI ATENEO$dSI SPA M 211 $eSI LO 72561 5 211 Dono Ministerio de Cultura de Madrid. Secretaría General Técnica 996 $aAndy Goldsworty$91371711 997 $aUNIOR